Antero de Quental (Record no. 45489)

MARC details
000 -Etiqueta do registo
Valores 00601cam a2200205 04500
100 ## - Dados gerais de processamento
Dados gerais 19911126d1942 m a0pory5003 ba
101 0# - Língua de publicação
Língua por
102 ## - País de publicação
País PT
200 1# - Titulo e menção de responsabilidade
Título próprio Antero de Quental
Primeira menção de responsabilidade por Manuel Mendes
210 #9 - Publicação
Local de publicação Lisboa
Nome do editor Edições Cosmos,
Data de publicação 1942
215 ## - Descrição física 
Paginação / Volumes 133 p.
Dimensões 19 cm
225 2# - Colecção 
Título próprio da colecção Biblioteca Cosmos.
Nome de parte ou secção Biografias
Número de parte ou secção 5.ª secção
Indicação de volume 17
600 #1 - Nome de pessoa usado como assunto
Apelido Quental,
Nome Antero de,
Datas 1842-1891
675 ## - CDU
Notação 929Quental, Antero de
Edição BN
Língua por
675 ## - CDU
Notação 821.134.3Quental, Antero de.09
Edição BN
Língua por
700 #1 - Autor principal
Apelido Mendes,
Nome Manuel,
Datas 1906-1969
801 #0 - Fonte de origem
País PT
Agência BN
Regras de catalogação RPC
990 ## - Elementos KOHA
Tipo de documento Livro
Holdings
Aquisição Empréstimo Código de barras Cota Permissão de empréstimo Tipo de documento Nota relativa ao exemplar
Biblioteca Municipal de Redondo Biblioteca Municipal de Redondo 056199 929 QUE Consulta presencial Livro oferta de Vergílio Ambrósio

Powered by Koha